ბათუმის შოთა რუსთაველის სახელმწიფო უნივერსიტეტის ბიბლიოთეკა

Культура чая в СССР (ბიბ.ჩანაწერი № 46366)

000 -LEADER
fixed length control field 00593nam a2200205Ia 4500
001 - CONTROL NUMBER
control field 13202
003 - CONTROL NUMBER IDENTIFIER
control field GE_BSU
008 - FIXED-LENGTH DATA ELEMENTS--GENERAL INFORMATION
fixed length control field 181216s||||||||xx |||||||||||||| ||und||
040 ## - CATALOGING SOURCE
Transcribing agency GE_BSU
080 ## - UNIVERSAL DECIMAL CLASSIFICATION NUMBER
Universal Decimal Classification number 633.72(470)
100 ## - MAIN ENTRY--PERSONAL NAME
Personal name Дараселия,М.К.; Воронцов,В.В.;Гвасалия В.П. и др.
245 ## - TITLE STATEMENT
Title Культура чая в СССР
260 ## - PUBLICATION, DISTRIBUTION, ETC.
Place of publication, distribution, etc. Тбилиси
260 ## - PUBLICATION, DISTRIBUTION, ETC.
Name of publisher, distributor, etc. Мецниереба
260 ## - PUBLICATION, DISTRIBUTION, ETC.
Date of publication, distribution, etc. 1989
300 ## - PHYSICAL DESCRIPTION
Extent 560стр.илл.20см.
300 ## - PHYSICAL DESCRIPTION
Dimensions Библиогр.с.533-557
653 ## - INDEX TERM--UNCONTROLLED
Uncontrolled term Культура чая в СССР
942 ## - ADDED ENTRY ELEMENTS (KOHA)
Koha item type წიგნი
ეგზემპლარები
Withdrawn status Lost status Damaged status Not for loan Date acquired Barcode Date last seen Price effective from Koha item type
        2018-12-17 20805 2018-12-17 2018-12-17 წიგნი